000 00600nam a2200181Ia 4500
008 090124s9999 xx 000 0 und d
082 _b115931
100 _aगाडगीळ बाळ ( पांडुरंग लक्ष्मण )
245 _a फिरकी
250 _a1
260 _c1975
300 _a147
600 _aगाडगीळ बाळ ( पांडुरंग लक्ष्मण )
630 _a फिरकी
700 _aगाडगीळ बाळ ( पांडुरंग लक्ष्मण )
730 _a फिरकी
942 _cBOOK
999 _c162022
_d162022